[Event "WYCC Boys U16"]
[Site "Vung Tau City VIE"]
[Date "2008.10.29"]
[Round "10"]
[White "Bar,A"]
[Black "Ralys,V"]
[Result "1/2-1/2"]
[WhiteElo "2101"]
[BlackElo "1900"]

1.c4 c5 2.Nf3 e6 3.Nc3 Nf6 4.g3 b6 5.Bg2 Bb7 6.O-O Be7 7.Re1 O-O 8.e4 d6
9.d4 cxd4 10.Nxd4 a6 11.e5 dxe5 12.Bxb7 Ra7 13.Nxe6 Qxd1 14.Rxd1 fxe6 15.Bg2 Ng4
16.Rf1 Bc5 17.Ne4 Bd4 18.Bh3 Nf6 19.Bxe6+ Kh8 20.Nxf6 Rxf6 21.Bd5 Nd7 22.Rb1 Nc5
23.b4 Na4 24.Be3 Nc3 25.Bxd4 exd4 26.Rbe1 h6 27.a3 Nxd5 28.cxd5 Rd6 29.Re6 Rxe6
30.dxe6 Re7 31.Rd1 Rxe6 32.Rxd4 Rc6 33.Rd8+ Kh7 34.Ra8 b5 35.Ra7 Kg6 36.Kf1 Re6
37.f4 Kf6 38.g4 g6 39.Kf2 Rc6 40.Ke2 h5 41.h3 hxg4 42.hxg4 g5 43.fxg5+ Kxg5
44.Kd3 Kxg4 45.Kd4 Kf5 46.Kd5 Rf6 47.Rc7 Kf4 48.Rc6 Rf5+ 49.Ke6 Ke4 50.Rxa6 Rh5
51.Rc6 Rh3 52.Kd6 Kd4 53.Rc5 Rxa3 54.Rxb5 Kc4 55.Rb8 Rb3  1/2-1/2

[Event "IX Rapid Open"]
[Site "El Sauzal ESP"]
[Date "2008.11.01"]
[Round "3"]
[White "Pogorelov,R"]
[Black "Villavicencio Martinez,C"]
[Result "1/2-1/2"]
[WhiteElo "2441"]
[BlackElo "2131"]

1.Nf3 Nf6 2.c4 c5 3.Nc3 e6 4.g3 b6 5.Bg2 Bb7 6.O-O Be7 7.Re1 a6 8.e4 d6 9.d4 cxd4
10.Nxd4 Qc7 11.Be3 Nbd7 12.Rc1 Rc8 13.b3 O-O 14.f4 Rfe8 15.g4 g6 16.Bf3 e5
17.Nde2 exf4 18.Nxf4 Bf8 19.Nfd5 Bxd5 20.Nxd5 Nxd5 21.cxd5 Qb7 22.Qe2 Bg7
23.Rxc8 Rxc8 24.Rc1 Rxc1+ 25.Bxc1 Qc8 26.Be3 Qc3 27.Kg2 b5 28.Qd2 Qxd2+ 29.Bxd2 Bd4
30.Be2 Kg7 31.Bf4 Be5 32.Be3 Bc3 33.h3 Kf6 34.a4 bxa4 35.bxa4 a5 36.Bf4 Ne5
37.h4 Ke7 38.Bxe5 Bxe5  1/2-1/2

[Event "21st Belgrade Trophy"]
[Site "Obrenovac SRB"]
[Date "2008.11.01"]
[Round "5"]
[White "Ilic,Zo3"]
[Black "Kasparov,S"]
[Result "0-1"]
[WhiteElo "2290"]
[BlackElo "2492"]

1.Nf3 Nf6 2.c4 c5 3.Nc3 b6 4.d4 cxd4 5.Nxd4 Bb7 6.f3 d6 7.e4 e6 8.Be2 Be7
9.O-O a6 10.Be3 O-O 11.Rc1 Nbd7 12.Qe1 Rc8 13.Qf2 Qc7 14.Rfd1 Qb8 15.Na4 Bd8
16.b4 Bc7 17.g3 Rfd8 18.Nb3 Bc6 19.b5 axb5 20.Nd4 Bxe4 21.fxe4 bxa4 22.Nc6 Qb7
23.Nxd8 Rxd8 24.Bf3 Ne5 25.Bg2 Nfg4 26.Qe2 Nxe3 27.Qxe3 h6 28.Qe2 Qc6 29.Bf3 Ra8
30.Kg2 Ra5 31.Rc2 Rc5 32.Rdc1 Bd8 33.h4 Bf6 34.Kf2 Qc7  0-1

[Event "SenWM"]
[Site "Bad Zwischenahn GER"]
[Date "2008.11.02"]
[Round "6"]
[White "Uhlmann,W"]
[Black "Suba,M"]
[Result "0-1"]
[WhiteElo "2417"]
[BlackElo "2531"]

1.c4 Nf6 2.Nc3 c5 3.Nf3 e6 4.g3 b6 5.Bg2 Bb7 6.d4 cxd4 7.Qxd4 Nc6 8.Qf4 Bb4
9.Bd2 O-O 10.O-O Be7 11.e4 d6 12.Rfd1 Rc8 13.b3 Rc7 14.h3 Rd7 15.Qe3 Qa8
16.Nd4 Nxd4 17.Qxd4 Rfd8 18.Be3 Bc6 19.Qd3 Qb8 20.Qe2 Qa8 21.Bf4 h6 22.Rac1 a6
23.a4 Bf8 24.Rd3 g5 25.Bd2 Bg7 26.Qe3 Nh7 27.Kh2 Qb8 28.Na2 Ba8 29.Bc3 Nf6
30.Bd4 b5 31.cxb5 axb5 32.a5 d5 33.e5 Ne4 34.f3 f5 35.fxe4 dxe4 36.Rdd1 f4
37.gxf4 gxf4 38.Qxf4 Rxd4 39.Rxd4 Rxd4 40.Kg1 Bb7 41.Nc3 Qxe5 42.Qxe5 Bxe5
43.Nxb5 Rb4 44.Nc3 Rxb3 45.Nxe4 Rb2 46.Rc4 Kg7 47.Bf3 Bd5 48.Ra4 Bb8 49.a6 Ba7+
50.Kh1  0-1

[Event "TCh-BEL 2008-9"]
[Site "Belgium BEL"]
[Date "2008.11.02"]
[Round "3"]
[White "Erwich,Frank"]
[Black "Mullon,J"]
[Result "1-0"]
[WhiteElo "2347"]
[BlackElo "2354"]

1.c4 Nf6 2.Nc3 c5 3.Nf3 e6 4.e4 d6 5.d4 cxd4 6.Nxd4 Be7 7.Be2 O-O 8.O-O a6
9.Be3 Nbd7 10.f4 Qc7 11.g4 Rd8 12.g5 Ne8 13.Rc1 Bf8 14.Bg4 Ne5 15.fxe5 dxe5
16.Nd5 exd5 17.cxd5 Qe7 18.Nf5 Bxf5 19.Bxf5 g6 20.Bh3 Qb4 21.Qf3 Qe7 22.Rc2 Nd6
23.Kh1 Bg7 24.Bb6 Rf8 25.Qa3 Rad8 26.Bxd8 Rxd8 27.Qe3 Bf8 28.a4 h6 29.gxh6 Qh4
30.Bg2 Bxh6 31.Qf2 Qe7 32.Qf6 Qd7 33.Rc3 Bg7 34.Qh4 Re8 35.Rh3 f5 36.Qh7+ Kf7
37.Rg3 f4 38.Rxg6 Kf8 39.Bh3 Qf7 40.Be6 Rxe6 41.dxe6 Qc7 42.Rf6+  1-0

[Event "Pan-American Continental"]
[Site "Boca Raton USA"]
[Date "2008.11.03"]
[Round "3"]
[White "Times,J"]
[Black "Almeida Saenz,A"]
[Result "0-1"]
[WhiteElo "2202"]
[BlackElo "2378"]

1.Nf3 Nf6 2.c4 c5 3.Nc3 g6 4.g3 Bg7 5.Bg2 O-O 6.O-O Nc6 7.d4 cxd4 8.Nxd4 d6
9.Bxc6 bxc6 10.Nxc6 Qd7 11.Nd5 Re8 12.Ncb4 Ng4 13.Rb1 Rb8 14.Nd3 Ba6 15.Qc2 Rec8
16.b3 Bb7 17.Ne3 Bd4 18.Ng2 Qf5 19.e3 Bb6 20.Bb2 e5 21.h3 Nf6 22.g4 Qf3  0-1

[Event "21st Belgrade Trophy"]
[Site "Obrenovac SRB"]
[Date "2008.11.04"]
[Round "8"]
[White "Stojanovic,Mih"]
[Black "Sredojevic,I"]
[Result "1-0"]
[WhiteElo "2535"]
[BlackElo "2396"]

1.c4 Nf6 2.Nc3 c5 3.Nf3 b6 4.d4 cxd4 5.Nxd4 Bb7 6.f3 d6 7.e4 e6 8.Be2 Be7
9.O-O O-O 10.Be3 a6 11.Qd2 Nbd7 12.Rac1 Rc8 13.Kh1 Qc7 14.a3 Qb8 15.Bg1 Kh8
16.b4 Rg8 17.Na4 g5 18.Nb3 Rg6 19.Nxb6 Nxb6 20.Bxb6 Bxe4 21.Bg1 Ba8 22.c5 g4
23.cxd6 Rxc1 24.Rxc1 Bxd6 25.Qc3 Kg7 26.fxg4 h5 27.Qc8 Qxc8 28.Rxc8 Bb7 29.Rc1 hxg4
30.Nc5 Bd5 31.Be3 Nh5 32.Bxa6 Nf4 33.Bb7 g3 34.Bxf4 Bxf4 35.Rf1 Be3 36.Bxd5 exd5
37.Nd3 Rh6 38.h3 Re6 39.a4 Bd2 40.Rf3 Be1 41.Kg1 Re4 42.Kf1 Bxb4 43.Rxg3+ Kf6
44.Nxb4 Rxb4 45.Ra3 Rb6 46.a5 Ra6 47.Ke2 Ke5 48.Kd2 Ke4 49.Ra4+ d4 50.g4 f5
51.gxf5 Kxf5 52.h4 Ke4 53.h5 Kd5 54.Kd3 Kc5 55.Ra1 Kd5 56.Rg1  1-0

[Event "21st Belgrade Trophy"]
[Site "Obrenovac SRB"]
[Date "2008.11.04"]
[Round "8"]
[White "Milutinovic,De"]
[Black "Bulatovic,I"]
[Result "1-0"]
[WhiteElo "2076"]
[BlackElo "1903"]

1.Nf3 Nf6 2.c4 c5 3.Nc3 e6 4.e3 Be7 5.d4 d5 6.dxc5 Bxc5 7.cxd5 exd5 8.Bb5+ Nc6
9.Ne5 Qd6 10.Nd3 O-O 11.Nxc5 Qxc5 12.O-O Be6 13.Qe2 a6 14.Bd3 Ne5 15.Bb1 b5
16.h3 Qc4 17.Qd1 Ne4 18.Ne2 f6 19.f3 Nd6 20.Nd4 Bf7 21.b3 Qc5 22.Rf2 Rfc8
23.a3 Kh8 24.Bb2 Qb6 25.f4 Nc6 26.Nxc6 Rxc6 27.Bd4 Qb7 28.f5 Rac8 29.Bd3 Ne4
30.Rf4 Nc5 31.Be2 Ne4 32.Qe1 Rc2 33.Bd3 R2c7 34.Kh2 Nc5 35.Bc2 Ne4 36.Bxe4 dxe4
37.b4 Bc4 38.Qg3 Bd3 39.h4 Rc2 40.h5 Qf7 41.h6 Rg8 42.Rg4 Rc6 43.Rc1 Bc4
44.hxg7+ Rxg7 45.Qb8+ Qg8 46.Qxg8+ Rxg8 47.Rxe4 Rd6 48.Rf4 Bd5 49.g3 Bc4
50.Kg2 Rg5 51.g4 Rg7 52.Kf3 Rc7 53.Kf2 Kg7 54.g5  1-0

[Event "Russia Cup Final"]
[Site "Serpuhov RUS"]
[Date "2008.11.05"]
[Round "1.1"]
[White "Kornev,Alexei"]
[Black "Belov,Vl"]
[Result "1-0"]
[WhiteElo "2525"]
[BlackElo "2579"]

1.c4 Nf6 2.Nc3 c5 3.Nf3 e6 4.d4 cxd4 5.Nxd4 Nc6 6.a3 Be7 7.g3 Qb6 8.Nc2 Ne5
9.Ne3 d6 10.Bg2 Bd7 11.f4 Neg4 12.Qd3 Bc6 13.Bf3 O-O 14.O-O Rfc8 15.Nd1 Bxf3
16.exf3 Nxe3 17.Bxe3 Qa6 18.b3 d5 19.Nb2 Rd8 20.c5 d4 21.Qxa6 bxa6 22.Bf2 Bxc5
23.Rfd1 Rab8 24.Rd3 Bb6 25.Na4 Nd5 26.Nxb6 axb6 27.Rxd4 Rbc8 28.f5 Rc3 29.f4 Rxb3
30.Re1 Rd6 31.fxe6 fxe6 32.f5 Kf7 33.fxe6+ Ke7 34.g4 Nf6 35.g5 Ne8 36.Rde4 Rd5
37.Bh4 g6 38.Bg3 Rbd3 39.Rh4 Rxg5 40.Rxh7+ Kd8 41.Ra7 Rgd5 42.e7+  1-0

[Event "Russia Cup Final"]
[Site "Serpuhov RUS"]
[Date "2008.11.06"]
[Round "1.3"]
[White "Kornev,Alexei"]
[Black "Belov,Vl"]
[Result "0-1"]
[WhiteElo "2525"]
[BlackElo "2579"]

1.c4 Nf6 2.Nc3 c5 3.Nf3 e6 4.e3 d5 5.d4 Nc6 6.cxd5 exd5 7.Bb5 cxd4 8.Nxd4 Qc7
9.Nf3 Be6 10.O-O Bd6 11.h3 a6 12.Bxc6+ bxc6 13.b3 O-O 14.Bb2 Rad8 15.Rc1 Qd7
16.Na4 Ne4 17.Qc2 Bxh3 18.Ne5 Qe6 19.f4 Bxe5 20.Bxe5 Qg6 21.Nc5 Bf5 22.Nxe4 Bxe4
23.Qf2 Bf5 24.Rc5 Rfe8 25.Rfc1 Re6 26.Qh4 Rde8 27.Kf2 Bg4 28.Qg3 h5 29.Kg1 Kh7
30.Kh2 Rc8 31.Bd4 Qf5 32.Qh4 Rg6 33.R1c2 Qe4 34.b4 Qe6 35.a4 Bf5 36.Rf2 Rh8
37.Kg1 Rg4 38.Qh2 h4 39.Be5 f6 40.Bd4 Kg6 41.Rf3 Qe4 42.Kf2 Qb1 43.Rxc6 h3
44.Rg3 hxg2 45.Qxg2 Rh4 46.e4 dxe4 47.Rcc3 Qxb4 48.Ke3 Qb1 49.Kf2 Qa2+ 50.Kg1 Qxa4
51.Rxg4+ Rxg4  0-1

[Event "38th Olympiad"]
[Site "Dresden GER"]
[Date "2008.11.13"]
[Round "1"]
[White "Moussa,A"]
[Black "Ismagambetov,An"]
[Result "0-1"]
[WhiteElo "2223"]
[BlackElo "2527"]

1.Nf3 Nf6 2.c4 e6 3.Nc3 c5 4.g3 b6 5.Bg2 Bb7 6.O-O Be7 7.d4 cxd4 8.Qxd4 d6
9.Rd1 a6 10.b3 Nbd7 11.Bb2 O-O 12.Rac1 Qc7 13.e4 Rfd8 14.h3 Bf8 15.Qe3 Re8
16.Nh2 Rad8 17.Qe2 Qb8 18.Ng4 Nxg4 19.Qxg4 Qa8 20.Rc2 Bc6 21.Rcd2 b5 22.Ne2 f5
23.Qg5 Nc5 24.Rxd6 Rxd6 25.Rxd6 Bxe4 26.Nf4 Bxg2 27.Rd7 e5 28.Rc7 Bf3 29.Qxf5 Qe4
30.Qf7+ Kh8 31.Kh2 Qe1 32.g4 Qxf2+  0-1

[Event "38th Olympiad"]
[Site "Dresden GER"]
[Date "2008.11.13"]
[Round "1"]
[White "Ftacnik,L"]
[Black "Galego,L"]
[Result "1/2-1/2"]
[WhiteElo "2571"]
[BlackElo "2484"]

1.Nf3 Nf6 2.c4 e6 3.Nc3 c5 4.g3 b6 5.Bg2 Bb7 6.O-O Be7 7.d4 cxd4 8.Qxd4 O-O
9.Rd1 d6 10.Bg5 Nbd7 11.Qd2 a6 12.Bf4 Rc8 13.Bxd6 Rxc4 14.Ne5 Nxe5 15.Bxb7 Bxd6
16.Qxd6 Qxd6 17.Rxd6 a5 18.Rad1 Rc7 19.Ba6 Nc4 20.Bxc4 Rxc4 21.Rxb6 h5 22.Rbd6 Kh7
23.Rd8 Rxd8 24.Rxd8 g5 25.Rb8 Kg6 26.Rb5 Rb4 27.Rxb4 axb4 28.Nb5 Nd5 29.a4 bxa3
30.bxa3 Nb6 31.f3 f5 32.Kf2 f4 33.e3 fxg3+ 34.Kxg3 Kf5 35.h3 Nc4 36.Kf2 g4
37.fxg4+ hxg4 38.hxg4+ Kxg4 39.Ke2 Nb2 40.Nc3 Kf5 41.a4 Ke5 42.Kd2 Nc4+ 43.Kd3 Nb2+
44.Kc2 Nc4 45.Nd1 Kd5 46.Kb3 Kc5 47.Kc3 e5 48.e4 Nd6 49.Nf2 Kc6 50.Kb4 Kb6
51.Nd3  1/2-1/2

[Event "38th Olympiad"]
[Site "Dresden GER"]
[Date "2008.11.14"]
[Round "2"]
[White "Nyback,T"]
[Black "Klasan,V"]
[Result "1-0"]
[WhiteElo "2634"]
[BlackElo "2326"]

1.c4 Nf6 2.Nc3 c5 3.Nf3 d5 4.cxd5 Nxd5 5.d4 cxd4 6.Qxd4 Nxc3 7.Qxc3 Nc6 8.e4 e6
9.a3 Bd7 10.Be2 Rc8 11.O-O Na5 12.Qd3 Ba4 13.Qxd8+ Rxd8 14.Be3 Nb3 15.Bd1 a6
16.Bxb3 Bxb3 17.Rac1 Ba4 18.Bb6 Ra8 19.Nd4 e5 20.Nf5 Bc6 21.Ne3 Bxe4 22.Nc4 f6
23.Rfe1 Bc6 24.Na5 Rc8 25.f4 Be7 26.fxe5 fxe5 27.Rxe5 Kf7 28.Nxc6 Rxc6 29.Rxc6 bxc6
30.Ra5 Ke6 31.Bd4 Rg8 32.Kf2 g6 33.Rxa6 Kd5 34.Bc3 Rf8+ 35.Ke2 Bc5 36.Kd3 Bg1
37.Ra5+ Ke6 38.h3 Rf2 39.Rg5 Bh2 40.Rg4 Kf5 41.a4 Bf4 42.a5 h5 43.a6 Rf1
44.Ba5 Rd1+ 45.Kc4 Rc1+ 46.Kb3 Be3 47.Rc4 Ra1 48.g4+ hxg4 49.hxg4+ Ke6 50.Ra4 Rxa4
51.Kxa4 Kd6 52.Bd2 Ba7 53.Bf4+ Kd7 54.b4 Bb6 55.b5 cxb5+ 56.Kxb5 Ba7 57.Be5 Ke6
58.Bc7 Kd5 59.Bb6 Bb8 60.Bg1  1-0

[Event "38th Olympiad"]
[Site "Dresden GER"]
[Date "2008.11.14"]
[Round "2"]
[White "Lehtinen,H"]
[Black "Parfenov,P"]
[Result "1-0"]
[WhiteElo "2381"]
[BlackElo "2252"]

1.c4 Nf6 2.Nc3 c5 3.Nf3 b6 4.e4 d6 5.d4 cxd4 6.Nxd4 Bb7 7.f3 Nc6 8.Be3 e6
9.Qd2 Be7 10.Be2 O-O 11.O-O Rc8 12.Rfd1 Ne5 13.b3 a6 14.Rac1 Qc7 15.Qe1 Rfe8
16.Qf2 Ned7 17.Bf1 Qb8 18.g4 g6 19.Nde2 Bf8 20.Ng3 h6 21.h4 Bc6 22.Kg2 b5
23.Qd2 Kh7 24.g5 Nh5 25.Nxh5 gxh5 26.cxb5 axb5 27.Ne2 Be7 28.Nd4 Ne5 29.Nxc6 Rxc6
30.Rxc6 Nxc6 31.Qd3 Nb4 32.Qxb5 Qxb5 33.Bxb5 Rb8 34.a4 hxg5 35.hxg5 Nc2 36.Bc1 e5
37.Bc4 Kg6 38.f4 exf4 39.Bxf4 Rd8 40.Rd5 Nb4 41.Rf5 f6 42.gxf6 Bxf6 43.Bg3 Nc2
44.Rxf6+ Kxf6 45.Bh4+ Ke5 46.Bxd8 Kxe4 47.a5 d5 48.a6  1-0

[Event "38th Olympiad"]
[Site "Dresden GER"]
[Date "2008.11.14"]
[Round "2"]
[White "Rees,I"]
[Black "Damaso,R"]
[Result "1/2-1/2"]
[WhiteElo "2297"]
[BlackElo "2424"]

1.Nf3 Nf6 2.c4 g6 3.Nc3 c5 4.e4 Nc6 5.d4 cxd4 6.Nxd4 Bg7 7.Be3 O-O 8.Be2 d6
9.O-O Bd7 10.Qd2 Nxd4 11.Bxd4 Bc6 12.f3 Nd7 13.Rfd1 Bxd4+ 14.Qxd4 Qb6 15.Qxb6 Nxb6
16.Rac1 Rfc8 17.Kf2 Bd7 18.Nd5 Nxd5 19.cxd5 f5 20.Ke3 Kg7 21.Bd3 Kf6 22.Kd4 h6
23.Re1 Rxc1 24.Rxc1 Rc8 25.Rxc8 Bxc8 26.Be2 Bd7 27.Bd3 f4 28.b3 g5 29.Be2 Be8
30.Bd3 Bd7 31.Be2 Be8 32.Bd3  1/2-1/2

[Event "38th Olympiad"]
[Site "Dresden GER"]
[Date "2008.11.22"]
[Round "9"]
[White "Buhmann,R"]
[Black "Sunye Neto,J"]
[Result "1/2-1/2"]
[WhiteElo "2541"]
[BlackElo "2488"]

1.Nf3 Nf6 2.c4 c5 3.Nc3 e6 4.g3 b6 5.Bg2 Bb7 6.O-O Be7 7.Re1 Ne4 8.Nxe4 Bxe4
9.d3 Bb7 10.e4 Nc6 11.d4 cxd4 12.Nxd4 O-O 13.Bf4 Nxd4 14.Qxd4 Qc8 15.b3 Bc6
16.Bd6 Bxd6 17.Qxd6 Qb7 18.a4 f5 19.f4 a6 20.Qd4 b5 21.cxb5 axb5 22.a5 b4
23.Re2 fxe4 24.Bxe4 Bxe4 25.Rxe4 Rf5 26.Re5 Rxe5 27.Qxe5 Qc6 28.Qd4 Qb5 29.a6 Rxa6
30.Rxa6 Qxa6 31.Qxd7 h6 32.Qd8+ Kh7 33.Qd4 Qe2 34.Qxb4 Qe3+ 35.Kf1 Qf3+ 36.Kg1 Qe3+
37.Kg2 Qe2+  1/2-1/2

[Event "38th Olympiad"]
[Site "Dresden GER"]
[Date "2008.11.23"]
[Round "10"]
[White "Agrest,E"]
[Black "Iordachescu,V"]
[Result "1/2-1/2"]
[WhiteElo "2574"]
[BlackElo "2572"]

1.Nf3 c5 2.c4 Nf6 3.Nc3 e6 4.d4 cxd4 5.Nxd4 Bb4 6.g3 Ne4 7.Qd3 Nxc3 8.bxc3 Be7
9.Bg2 O-O 10.O-O a6 11.Rd1 d6 12.Nf3 Nd7 13.Ba3 Nc5 14.Bxc5 dxc5 15.Qxd8 Rxd8
16.Ne5 Rb8 17.Rab1 Rxd1+ 18.Rxd1 Kf8 19.Nd7+ Bxd7 20.Rxd7 b6 21.a4 Bf6 22.Rb7 Rxb7
23.Bxb7 a5 24.Bc6 Bxc3 25.e3 Ke7 26.Kf1 Kd6 27.Be8 f5 28.Ke2 g5 29.h3 Ke7
30.Bc6 h5 31.Bb5 Bb2 32.Bc6 Be5 33.Bb5 Bd6 34.Bc6 Kf6 35.Be8 h4 36.gxh4 gxh4
37.f4 Bf8 38.Kf3 Ke7 39.Bb5 Bg7 40.e4 fxe4+ 41.Kxe4 Bc3 42.Bc6  1/2-1/2

[Event "38th Olympiad"]
[Site "Dresden GER"]
[Date "2008.11.23"]
[Round "10"]
[White "Meijers,V"]
[Black "Ismagambetov,An"]
[Result "1-0"]
[WhiteElo "2514"]
[BlackElo "2527"]

1.c4 c5 2.Nc3 Nf6 3.Nf3 e6 4.b3 b6 5.Bb2 Bb7 6.e3 Be7 7.g3 d5 8.Bg2 dxc4
9.bxc4 O-O 10.O-O Nc6 11.Qe2 Rc8 12.Rfd1 Qc7 13.Rac1 Qb8 14.d4 cxd4 15.exd4 Na5
16.Ne5 Bxg2 17.Kxg2 Rfd8 18.d5 Qb7 19.Kg1 exd5 20.cxd5 Bd6 21.Nb5 Rxc1 22.Bxc1 Bxe5
23.Qxe5 Nc6 24.Qe2 Nb4 25.Bg5 Nbxd5 26.Bxf6 gxf6 27.Nc3 Rd7 28.Qf3 Nxc3 29.Qg4+ Kf8
30.Rxd7 Qc6 31.Rd8+ Ke7 32.Rc8 Qe4 33.Qxe4+ Nxe4 34.Rc7+ Ke6 35.Rxa7 b5 36.Kf1 h5
37.f3 Nc3 38.Ke1 Kd5 39.Kd2 b4 40.Kd3 f5 41.Ra5+ Ke6 42.a3 Nd5 43.Kd4  1-0

[Event "UTD Invitational IM"]
[Site "Richardson USA"]
[Date "2008.11.27"]
[Round "3"]
[White "Kraai,J"]
[Black "Bantic,M"]
[Result "1-0"]
[WhiteElo "2502"]
[BlackElo "2195"]

1.Nf3 Nf6 2.c4 c5 3.Nc3 g6 4.e4 d6 5.d4 cxd4 6.Nxd4 Bg7 7.Be2 O-O 8.O-O Nc6
9.Be3 Re8 10.Qd2 Bd7 11.Rfe1 Ng4 12.Bxg4 Bxg4 13.Nd5 Bd7 14.Rad1 Ne5 15.b3 Ng4
16.Bg5 h6 17.Bh4 g5 18.Bg3 e5 19.Nc2 h5 20.h3 h4 21.hxg4 hxg3 22.Nce3 Qc8
23.Nf5 Bxf5 24.gxf5 gxf2+ 25.Qxf2 f6 26.Qe2 Qd7 27.Rd3 Qf7 28.Red1  1-0

[Event "sub-zt 2.3.4 Absoluto"]
[Site "San Andres COL"]
[Date "2008.11.29"]
[Round "7"]
[White "Vittorino,C"]
[Black "Prieto,E"]
[Result "1-0"]
[WhiteElo "2343"]
[BlackElo "2181"]

1.c4 c5 2.Nc3 Nf6 3.Nf3 d5 4.cxd5 Nxd5 5.e4 Nxc3 6.bxc3 g6 7.d4 Bg7 8.Be3 Qa5
9.Qd2 O-O 10.Rc1 e6 11.Be2 Nc6 12.d5 exd5 13.exd5 Ne5 14.c4 Qxd2+ 15.Kxd2 b6
16.Bf4 Re8 17.Nxe5 Bxe5 18.Bxe5 Rxe5 19.Bd3 Bd7 20.Rc3 Rae8 21.Ra3 Bf5 22.Rxa7 Bxd3
23.Kxd3 Re4 24.Kc3 Rd4 25.Rc1 Re2 26.Rb7 Rxf2 27.Rxb6 Rff4 28.Kb3 Rd3+ 29.Rc3 Rd1
30.Rb5 Rf2 31.Rxc5 Rb1+ 32.Ka3 Rb8 33.Rb5 Ra8+ 34.Kb4 Rfxa2 35.Kc5 Rxg2 36.d6 Rc8+
37.Kb6 Rd2 38.Kb7 Rd8 39.c5 Rxh2 40.Kc7  1-0

[Event "21st Belgrade Trophy"]
[Site "Obrenovac SRB"]
[Date "2008.11.30"]
[Round "4"]
[White "Stojanovic,Mih"]
[Black "Nenadovic,L"]
[Result "1-0"]
[WhiteElo "2535"]
[BlackElo "2197"]

1.Nf3 Nf6 2.c4 c5 3.Nc3 d5 4.cxd5 Nxd5 5.Qa4+ Nc6 6.Ne5 Nxc3 7.dxc3 Bd7 8.Nxd7 Qxd7
9.g3 Rc8 10.Bg2 a6 11.Bf4 e6 12.Rd1 Qe7 13.O-O e5 14.Be3 Qc7 15.Rd5 f6 16.Rfd1 Be7
17.Rd7 Qb6 18.Qg4  1-0

[Event "Open"]
[Site "Figueira da Foz POR"]
[Date "2008.12.01"]
[Round "2"]
[White "Spraggett,K"]
[Black "Ferreira,Jor1"]
[Result "1-0"]
[WhiteElo "2597"]
[BlackElo "2153"]

1.c4 Nf6 2.Nf3 c5 3.Nc3 e6 4.e3 d5 5.cxd5 exd5 6.d4 Nc6 7.Bb5 Be7 8.O-O O-O
9.dxc5 Bxc5 10.b3 Bg4 11.Bb2 Bb6 12.Be2 a6 13.h3 Be6 14.Na4 Bc7 15.Nd4 Qd6
16.f4 Nxd4 17.Bxd4 Ne4 18.Rc1 Rfc8 19.Bd3 f6 20.Bxe4 dxe4 21.Nc5 Bd5 22.Qg4 Rd8
23.Rfd1 Qe7 24.Rc2 Bb6 25.Rdc1 Bxc5 26.Rxc5 Bc6 27.h4 Rd5 28.Rxd5 Bxd5 29.f5 Bc6
30.Qf4 h5 31.g4 hxg4 32.Qxg4 Rd8 33.Rc2 Qb4 34.Rg2  1-0

[Event "Open"]
[Site "Figueira da Foz POR"]
[Date "2008.12.03"]
[Round "5"]
[White "Petkov,V"]
[Black "Spraggett,K"]
[Result "0-1"]
[WhiteElo "2484"]
[BlackElo "2597"]

1.Nf3 Nf6 2.c4 c5 3.Nc3 e6 4.g3 b6 5.Bg2 Bb7 6.O-O Be7 7.Re1 d5 8.cxd5 exd5
9.d4 O-O 10.Bf4 Na6 11.Rc1 Qc8 12.Ne5 Rd8 13.dxc5 bxc5 14.Qa4 c4 15.Red1 Nc5
16.Qb5 Qe6 17.Nf3 a6 18.Qa5 Rac8 19.Nd4 Qd7 20.Be5 Re8 21.Qb6 h6 22.h3 Ba8
23.g4 Bd8 24.Qd6 Qa7 25.Bxf6 Bxf6 26.Nxd5 Bxd5 27.Qxd5 Nd3 28.exd3 Bxd4 29.dxc4 Bxb2
30.Rb1 Re2 31.Qf5 Qc7 32.Bf3 Re5 33.Qd3 Rb8 34.Qd7 Re1+  0-1

[Event "Mediterranean Open"]
[Site "Rijeka CRO"]
[Date "2008.12.03"]
[Round "6"]
[White "Loncar,R"]
[Black "Krkljes,S"]
[Result "1-0"]
[WhiteElo "2441"]
[BlackElo "2211"]

1.Nf3 Nf6 2.c4 c5 3.Nc3 b6 4.g3 Bb7 5.Bg2 e6 6.O-O Be7 7.Re1 d6 8.e4 a6 9.d4 cxd4
10.Nxd4 Qc7 11.Be3 Nbd7 12.f4 O-O 13.Rc1 Rfc8 14.f5 Nf8 15.fxe6 fxe6 16.Bh3 Nxe4
17.Nxe4 Bxe4 18.Nxe6 Qb7 19.Nf4 Re8 20.Nd5 Bd8 21.Bf2 Qf7 22.Rxe4 Rxe4 23.Bg2 Re8
24.Nf4 Qa7 25.Qd5+  1-0

[Event "VII Pereyra Puebla Mem"]
[Site "Mendoza ARG"]
[Date "2008.12.05"]
[Round "1"]
[White "Salguero,F"]
[Black "Lopez Silva,H"]
[Result "0-1"]
[WhiteElo "2336"]
[BlackElo "2410"]

1.Nf3 Nf6 2.c4 c5 3.Nc3 g6 4.e4 d6 5.d4 Bg7 6.Be2 O-O 7.O-O Bg4 8.d5 e6 9.Bg5 exd5
10.cxd5 a6 11.a4 Re8 12.Nd2 Bxe2 13.Qxe2 Nbd7 14.f4 Qc7 15.Qf3 c4 16.Kh1 Rab8
17.Rae1 b5 18.axb5 axb5 19.e5 dxe5 20.f5 e4 21.Ncxe4 Ne5 22.Qg3 Nxd5 23.f6 Bh8
24.Qh4 Nd3 25.Rb1 Re6 26.Rf3 Rbe8 27.Rbf1 Qc6 28.Qh6 Rxe4 29.Rh3 Nxf6 30.Bxf6 Bxf6
31.Qxh7+ Kf8 32.Nxe4 Rxe4 33.Qh6+ Bg7 34.Qd2 Qb6 35.Rhf3 Ne5 36.Qd5 Nxf3
37.Qxe4 Ne5 38.Qa8+ Ke7 39.Ra1 Nd7 40.Re1+ Be5 41.Qd5 Qf6 42.Qxb5 Qf4 43.g3 Qf2
44.Rxe5+ Kf6 45.Qc6+ Kxe5 46.Qxc4 Qe1+ 47.Kg2 Qe4+ 48.Qxe4+ Kxe4 49.h4 f5
50.b4 Ke3 51.g4 fxg4 52.Kg3 Nf6 53.b5 Ke4 54.b6 Kf5 55.b7 Nd7 56.Kf2 Kf4
57.Kg2 g3 58.Kh3 Kf3  0-1

[Event "12th It"]
[Site "Zenica BIH"]
[Date "2008.12.05"]
[Round "8"]
[White "Trkulja,G"]
[Black "Radic,B"]
[Result "1-0"]
[WhiteElo "2342"]
[BlackElo "2123"]

1.Nf3 Nf6 2.c4 g6 3.Nc3 c5 4.e4 d6 5.d4 cxd4 6.Nxd4 Bg7 7.f3 Nc6 8.Be3 O-O
9.Qd2 a5 10.Be2 Bd7 11.O-O Nxd4 12.Bxd4 Bc6 13.b3 Nd7 14.Bxg7 Kxg7 15.Qb2 Kg8
16.a3 Qb6+ 17.Kh1 Nc5 18.b4 axb4 19.axb4 Ne6 20.b5 Nc5 21.Qc2 Rxa1 22.Rxa1 Bd7
23.Nd5 Qd8 24.Qc3 Be6 25.Ra8  1-0

[Event "12th It"]
[Site "Zenica BIH"]
[Date "2008.12.06"]
[Round "9"]
[White "Dizdarevic,E"]
[Black "Martinovic,Sl"]
[Result "1/2-1/2"]
[WhiteElo "2505"]
[BlackElo "2480"]

1.c4 c5 2.Nf3 Nf6 3.Nc3 g6 4.g3 Bg7 5.Bg2 O-O 6.O-O Nc6 7.d4 cxd4 8.Nxd4 Nxd4
9.Qxd4 d6 10.Qd3 a6 11.Bd2  1/2-1/2

[Event "TCh-SLO"]
[Site "Murska Sobota SLO"]
[Date "2008.12.08"]
[Round "3"]
[White "Sebenik,M"]
[Black "Mihalcisin,A"]
[Result "1/2-1/2"]
[WhiteElo "2485"]
[BlackElo "2522"]

1.Nf3 c5 2.c4 Nf6 3.Nc3 d5 4.cxd5 Nxd5 5.g3 Nc6 6.Bg2 Nc7 7.a3 g6 8.h4 h6
9.d3 Bg7 10.Be3 Ne6 11.Rc1 Bd7 12.Nd2 Rc8 13.O-O O-O 14.Nd5 Ncd4 15.b4 Bc6
16.Bxd4 Bxd4 17.Qb3 Bg7 18.e3 b6 19.d4 cxd4 20.Nxe7+ Qxe7 21.Bxc6 Nc5 22.bxc5 Rxc6
23.exd4 bxc5 24.dxc5  1/2-1/2

[Event "TCh-SLO"]
[Site "Murska Sobota SLO"]
[Date "2008.12.08"]
[Round "3"]
[White "Lenic,L"]
[Black "Beliavsky,A"]
[Result "1/2-1/2"]
[WhiteElo "2569"]
[BlackElo "2619"]

1.c4 e6 2.Nc3 c5 3.Nf3 Nf6 4.g3 b6 5.Bg2 Bb7 6.O-O Be7 7.b3 O-O 8.Bb2 a6
9.d4 cxd4 10.Qxd4 d6 11.Ng5 Bxg2 12.Kxg2 Nc6 13.Qd2 Ra7 14.Nce4 Nxe4 15.Nxe4 Qa8
16.f3 Rd8 17.Rac1 Rad7 18.Qc3 Bf8 19.Rfd1 Ne7 20.Rd3 d5 21.Rcd1 Qb7 22.Nf2 dxc4  1/2-1/2

[Event "III Open"]
[Site "Palma de Mallorca ESP"]
[Date "2008.12.13"]
[Round "8"]
[White "Djuric,S"]
[Black "Bellia,F"]
[Result "1-0"]
[WhiteElo "2463"]
[BlackElo "2403"]

1.Nf3 Nf6 2.c4 e6 3.Nc3 c5 4.g3 b6 5.Bg2 Bb7 6.O-O Be7 7.d4 cxd4 8.Qxd4 d6
9.Bg5 a6 10.Bxf6 Bxf6 11.Qd3 Ra7 12.Rfd1 Be7 13.Ne4 Bxe4 14.Qxe4 O-O 15.h4 h6
16.Nd4 Re8 17.Rac1 Rc7 18.Rc3 Bf6 19.e3 Qc8 20.Qc2 Nd7 21.Rc1 Nc5 22.Kh2 Qd7
23.Qd1 Rec8 24.R3c2 Qe7 25.Qe2 Nd7 26.Kg1 Be5 27.a3 Qe8 28.f4 Bf6 29.b4 Nf8
30.Qd3 Qa4 31.Kh2 Qe8 32.Nf3 Qd8 33.Nd2 Be7 34.f5 Bf6 35.Nf3 Qe7 36.fxe6 fxe6
37.Bh3 d5 38.e4 dxe4 39.Qxe4 a5 40.Rb1 axb4 41.axb4 Rd8 42.Qe3 Rd6 43.Bf1 Qd8
44.Qe4 Rd1 45.Rxd1 Qxd1 46.Bh3 Qd6 47.Qe1 Qd3 48.Qf2 Qd6 49.c5 bxc5 50.bxc5 Qd5
51.Bg2 Nd7 52.c6 Ne5 53.Nxe5 Qxe5 54.Re2 Qd6 55.Rd2 Qe5 56.Re2 Qd6 57.h5 Bd4
58.Qe1 Qc5 59.Bf3 Rf7 60.Bg4 Bf2 61.Qd2 Bg1+ 62.Kg2 e5 63.Be6 Qxc6+ 64.Bd5 Qc5
65.Qa2  1-0

[Event "Masters"]
[Site "Berkeley USA"]
[Date "2008.12.14"]
[Round "1"]
[White "Kraai,J"]
[Black "Kustar,S"]
[Result "1/2-1/2"]
[WhiteElo "2502"]
[BlackElo "2356"]

1.Nf3 Nf6 2.c4 c5 3.Nc3 b6 4.g3 Bb7 5.Bg2 g6 6.d4 cxd4 7.Qxd4 Bg7 8.O-O d6
9.Rd1 Nbd7 10.Be3 Rc8 11.Rac1 a6 12.b3 O-O 13.Qh4 Re8 14.Bh3 Rc7 15.Bh6 Rc5
16.Bxg7 Kxg7 17.Qd4 Qc7 18.Na4 Rh5 19.Bg2 Ra5 20.Ne1 Rc8 21.Qb2 Qb8 22.Bxb7 Qxb7
23.Nd3 d5 24.cxd5 Rxc1 25.Rxc1 Rxd5 26.Qc2 Rd6 27.Qc7 Qe4 28.Nc3 Qa8 29.Nd1 Qe4
30.Ne3 h5 31.Qc4 Qb7 32.f3 b5 33.Qc7 Qa8 34.Kf2 Re6  1/2-1/2

[Event "TCh-SLO"]
[Site "Murska Sobota SLO"]
[Date "2008.12.14"]
[Round "9"]
[White "Kovacevic,Bl"]
[Black "Beliavsky,A"]
[Result "0-1"]
[WhiteElo "2472"]
[BlackElo "2619"]

1.Nf3 Nf6 2.c4 e6 3.Nc3 c5 4.g3 b6 5.Bg2 Bb7 6.O-O Be7 7.d4 cxd4 8.Qxd4 O-O
9.Rd1 d6 10.Bg5 Nbd7 11.Bxf6 Nxf6 12.Nd2 Bxg2 13.Kxg2 Rc8 14.Nde4 Rc6 15.Rd3 a6
16.Rad1 Qa8 17.Nxf6+ Bxf6 18.Qe4 Be7 19.b3 Rfc8 20.Qf3 Qb8 21.a4 h6 22.Na2 R6c7
23.Nc3 Rc6 24.Na2 Qa7 25.Nc3 Qc7 26.e4 Rc5 27.Qe3 Qb7 28.h4 h5 29.f4 g6 30.Qf3 Bf8
31.R1d2 R5c7 32.Rd1 Qc6 33.R1d2 Qc5 34.Nd1 b5 35.axb5 axb5 36.cxb5 Qxb5 37.Ne3 Rc1
38.Nc4 Qb4 39.Nxd6 R8c2 40.Qe2 Rxd2 41.Qxd2 Qc5 42.e5 Rc2 43.Ne4 Rxd2+ 44.Rxd2 Qc6
45.Kf3 Kg7 46.Rd3 Bb4 47.Rd4 Qb5 48.Rc4 Be7 49.Rc7 Qd3+  0-1